Normal view
MARC view
Entry Topical Term
001 - CONTROL NUMBER
- control field: 3850
003 - CONTROL NUMBER IDENTIFIER
- control field: BD-RjUL
005 - DATE AND TIME OF LATEST TRANSACTION
- control field: 20220623152331.0
008 - FIXED-LENGTH DATA ELEMENTS
- fixed length control field: 220623|| aca||aabn | a|a d
040 ## - CATALOGING SOURCE
- Original cataloging agency: BD-RjUL
- Transcribing agency: BD-RjUL
150 ## - HEADING--TOPICAL TERM
- Topical term or geographic name entry element: Computer networks
- General subdivision: Law and legislation
- Geographic subdivision: Bangladesh
670 ## - SOURCE DATA FOUND
- Source citation: Work cat.: (BD-RjUL)79583: Ahmed. Zulfiquar 1931, Growth of Computer Network and Internet Uses in Bangladesh :, 2006